000 00612nam a2200241Ia 4500
001 5630
005 20240113233840.0
007 ta
008 050621s g b000 u hin u
040 _aCotton College Assam
041 _ahin
082 _a891.433
_bG 959 Ya
100 _aGupta, Maithilicharan .
245 0 _aYashodhara /
_cMaithilicharan Gupta.
_hTextual Documents
250 _a1st ed. /
260 _aJhanchi :
_bSahitya Sadan ,
_cnd.
300 _a147p. ;
_c18cm.
653 _aHindi poetry
653 _aGen-Hindi
942 _2ddc
_cBK
999 _c5617
_d5617